| 000 | 00589nam a22001577a 4500 | ||
|---|---|---|---|
| 008 | 230322b |||||||| |||| 00| 0 eng d | ||
| 040 |
_aNational Science Library _cNational Science Library |
||
| 080 |
_aD 681.3.01(082.2) _bM9 |
||
| 245 |
_aManagement of data _c/ Papers presented at the conference on management of data (COMAD 89) 23-25 November, 1989 Hyderabad, India |
||
| 260 |
_aNew Delhi: _bTata McGraw-Hill Publishing Company Ltd, _c1989 |
||
| 300 | _axxii, 337p. | ||
| 650 | _aManagement | ||
| 653 | _aInformation modelling | ||
| 700 | _aPrakash, Naveen (Ed.) | ||
| 942 |
_2udc _cBK |
||
| 999 |
_c12183 _d12183 |
||